000
00244 a2200121 4500
001
48912
040
_c
Anchieta - Bela Vista
240
1
0
_a
Peter Pan
_l
por
245
1
0
_a
Peter Pan
362
0
_a
2013
650
4
_a
Literatura infantil
942
_c
BK
999
_c
48912
_d
48912